000 00656nam a2200193 a 4500
005 20260322212045.0
008 data
040 _aDonation
090 _aTX715 A47s 2000
110 2 _aArizona State Hospital. Staff and friends.
245 1 4 _aThe special edition of the millennium cookbook, 2002
_cArizona State Hospital. Staff and friends & Arizona State Hospital. Employee Recognition Committee.
260 _aKearney, NE
_bMorris Press
_cc2001
300 _aSpiralbound ;
_c var. pagings
650 4 _aArizona State Hospital.
650 2 _aCookery
650 2 _aCookery
710 2 _aArizona State Hospital. Employee Recognition Committee.
001 data
999 _c1066
_d1066